000 00673nam a22001817a 4500
003 UA-OsUOA
001 9265
007 ta
008 20041014b un ||||| |||| 00| 0 ukr d
100 _aБернадська Н.
942 _cSA
040 _aUA-OsUOA
_cUA-OsUOA
_dUA-OsUOA
245 _aПерші спроби осмислення роману як жанру викладачами університету Святого Володимира
300 _aС.64 -66
955 _a0
773 0 _w0
_tДивослово (українська мова й література в навчальних закладах)
_dКиїв
_d2004
_g№10
650 7 _aЖанри
_2UDC
999 _c295426
_d295426